000 00451nam a2200169Ia 4500
008 210716s2012 xx 000 0 und d
020 _a8180549399
041 _aeng
082 _a658.1511 MAHS
100 _aMaheshwari, S N; Maheshwari, Sharad K.
245 _aPrinciples of management accounting.
250 _a1
260 _aNew Delhi
_bSultan chand & sons
_c2012
300 _axx,C.377,D.9
440 _vI
650 _aManagement Accounting
999 _c208523
_d208523